| 000 | 01339aaa a2200289 4500 | ||
|---|---|---|---|
| 003 | DO-SdBNP | ||
| 005 | 20240301140956.0 | ||
| 007 | ta | ||
| 008 | 210809e2017 dr ||||fr|||| 001 0dspa | ||
| 020 | _a9789945481815 (v.2) | ||
| 020 | _a9789945505030 (v.3) | ||
| 020 | _a9789945505047 (v.4) | ||
| 040 |
_aDO-SdBNP _bspa _cBNPHU |
||
| 082 | 4 |
_a347.729305 _bP438d _222 |
|
| 100 | 1 |
_aPérez Taveras, Eladio Miguel _979446 |
|
| 245 | 1 | 0 |
_aDerecho procesal civil actualizado : _btratado práctico sobre los embargos inmobiliarios y sus incidentes / _cEladio Antonio Miguel Pérez Taveras. |
| 260 |
_aSanto Domingo : _bCentenario SRL, _c2017-2019 |
||
| 300 |
_av. ; _c23 cm. |
||
| 500 | _aIncluye datos biográficos del autor en la solapas | ||
| 500 | _aIncluye índice alfabético de materia. | ||
| 500 | _aIncluye bibliografía | ||
| 505 |
_gv.2. _tTeoría del saneamiento procesal constitucional. Los incidentes del proceso civil, fundamento constitucional, legal, jurisprudencial y doctrinal -- _gv.3. _tTratado práctico sobre los embargos mobiliarios y sus incidentes -- _gv.4. _tTratado práctico sobre los embargos inmobiliarios sus incidentes. |
||
| 590 | _aInventariado, 2021 S/A | ||
| 650 | 4 |
_952274 _aProcedimiento civil _xRepública Dominicana |
|
| 910 | _aSaquino/Validado. Control de calidad MFF | ||
| 942 |
_2ddc _cLBS1 |
||
| 999 |
_c50208 _d50208 |
||